[Event "Titled Tuesday intern op 14th Nov Early"]
[Site "Chess.com INT"]
[Date "2023.11.14"]
[Round "8"]
[White "Panchenko, Dmitry"]
[Black "Sousa, Andre Ventura"]
[Result "0-1"]
[WhiteElo "2311"]
[BlackElo "2441"]
[PlyCount "92"]
[EventDate "2023.11.14"]
[EventType "swiss (blitz)"]
[EventRounds "11"]
[EventCountry "USA"]
[SourceTitle "CB47_2023"]
[SourceDate "2023.11.22"]
[SourceVersion "1"]
[SourceVersionDate "2023.11.22"]
[SourceQuality "1"]

1. e4 e5 2. Nf3 Nc6 3. Nc3 Nf6 4. d4 exd4 5. Nd5 Nb4 6. Nxf6+ Qxf6 7. a3 Nc6 8. Bd3 h6 9. 0-0 d6 10. Bb5 Bd7 11. Re1 0-0-0 12. Bxc6 Bxc6 13. Nxd4 Bd7 14. Be3 g6 15. a4 a6 16. Qd3 Bg7 17. c3 Rhe8 18. Nf3 Qe6 19. Bd4 Be5 20. b4 Kb8 21. b5 a5 22. b6 c5 23. Be3 Bc6 24. Rad1 Bxe4 25. Qb5 Bxc3 26. Bd2 Bxd2 27. Rxd2 Bc6 28. Rxe6 Bxb5 29. Rexd6 Rxd6 30. Rxd6 Bxa4 31. Rd5 Bc6 32. Rxc5 a4 33. Ra5 Re2 34. h4 Bxf3 35. gxf3 Ra2 36. h5 gxh5 37. Rxh5 Rb2 38. Rxh6 Kc8 39. Rh4 a3 40. Ra4 a2 41. Kg2 Kd7 42. Kg3 Kc6 43. Kf4 Kxb6 44. Ke5 Kc5 45. f4 b5 46. Ra5 Kb6 0-1

[Event "Titled Tuesday intern op 14th Nov Early"]
[Site "Chess.com INT"]
[Date "2023.11.14"]
[Round "5"]
[White "Sousa, Andre Ventura"]
[Black "Bardyk, Artem"]
[Result "1-0"]
[WhiteElo "2441"]
[BlackElo "2206"]
[PlyCount "149"]
[EventDate "2023.11.14"]
[EventType "swiss (blitz)"]
[EventRounds "11"]
[EventCountry "USA"]
[SourceTitle "CB47_2023"]
[SourceDate "2023.11.22"]
[SourceVersion "1"]
[SourceVersionDate "2023.11.22"]
[SourceQuality "1"]

1. e4 e5 2. Nf3 Nc6 3. Bb5 Nge7 4. 0-0 Ng6 5. c3 d5 6. d4 dxe4 7. Nxe5 Ngxe5 8. dxe5 Qxd1 9. Rxd1 Bd7 10. Bf4 0-0-0 11. Nd2 Nxe5 12. Bxd7+ Nxd7 13. Nxe4 Be7 14. Rd4 Nf6 15. Nxf6 Bxf6 16. Rxd8+ Rxd8 17. Kf1 g5 18. Be3 h5 19. Ke2 Re8 20. h3 a6 21. Rh1 b5 22. g4 Rh8 23. Rg1 hxg4 24. hxg4 Kd7 25. Kf3 Ke6 26. Ke4 Be7 27. a4 bxa4 28. Ra1 Rh4 29. Kf3 a3 30. b4 f5 31. gxf5+ Kxf5 32. Rxa3 Rh6 33. Ra5+ Ke6 34. Rxa6+ Bd6 35. Bxg5 Rh3+ 36. Ke4 Rxc3 37. Bd2 Rc4+ 38. Kd3 Rh4 39. f4 Rh2 40. Bc3 Kd5 41. Ra5+ c5 42. bxc5 Rh3+ 43. Kc2 Bxf4 44. c6+ Kxc6 45. Rf5 Bd6 46. Be5 Bc5 47. Bc3 Bd6 48. Rf6 Kd5 49. Rg6 Bf4 50. Rg4 Rf3 51. Bd2 Be5 52. Ra4 Bd4 53. Ra8 Kc4 54. Rc8+ Bc5 55. Rc7 Rh3 56. Rc8 Rg3 57. Rc7 Rg2 58. Rc8 Re2 59. Rc7 Rf2 60. Rc8 Rg2 61. Rc7 Kd5 62. Kd3 Bd6 63. Rd7 Rg3+ 64. Kc2 Rf3 65. Rd8 Ke6 66. Re8+ Kd7 67. Re3 Rf5 68. Rd3 Kc6 69. Rc3+ Rc5 70. Be3 Rc4 71. Rxc4+ Kd5 72. Rg4 Ke6 73. Kd3 Kf5 74. Rc4 Ke5 75. Bf4+ 1-0

[Event "Titled Tuesday intern op 14th Nov Early"]
[Site "Chess.com INT"]
[Date "2023.11.14"]
[Round "3"]
[White "Sousa, Andre Ventura"]
[Black "Fernandez Siles, Luis"]
[Result "1-0"]
[WhiteElo "2441"]
[BlackElo "2218"]
[PlyCount "51"]
[EventDate "2023.11.14"]
[EventType "swiss (blitz)"]
[EventRounds "11"]
[EventCountry "USA"]
[SourceTitle "CB47_2023"]
[SourceDate "2023.11.22"]
[SourceVersion "1"]
[SourceVersionDate "2023.11.22"]
[SourceQuality "1"]

1. e4 c5 2. Nf3 Nc6 3. d4 cxd4 4. Nxd4 Nf6 5. Nc3 e5 6. Ndb5 d6 7. Bg5 a6 8. Na3 b5 9. Nab1 Be6 10. a4 b4 11. Nd5 Bxd5 12. exd5 Ne7 13. Bxf6 gxf6 14. a5 h5 15. Be2 h4 16. 0-0 Ng6 17. Ra4 f5 18. Nd2 Nf4 19. Rxb4 Nxd5 20. Rb7 Nf4 21. Nf3 Qf6 22. Bc4 Rh7 23. Nxe5 Qg5 24. Qf3 dxe5 25. Qc6+ Kd8 26. Qd7# 1-0

[Event "Titled Tuesday intern op 14th Nov Early"]
[Site "Chess.com INT"]
[Date "2023.11.14"]
[Round "10"]
[White "Sousa, Andre Ventura"]
[Black "Molina, Roberto Junio Brito"]
[Result "1-0"]
[WhiteElo "2441"]
[BlackElo "2381"]
[PlyCount "141"]
[EventDate "2023.11.14"]
[EventType "swiss (blitz)"]
[EventRounds "11"]
[EventCountry "USA"]
[SourceTitle "CB47_2023"]
[SourceDate "2023.11.22"]
[SourceVersion "1"]
[SourceVersionDate "2023.11.22"]
[SourceQuality "1"]

1. e4 c6 2. d4 d5 3. e5 Bf5 4. Nf3 e6 5. Be2 Nd7 6. 0-0 Bg6 7. a4 Rc8 8. a5 a6 9. c3 Ne7 10. b4 Nf5 11. Nbd2 Be7 12. Ne1 0-0 13. f4 Ne3 14. Qb3 Nxf1 15. Nxf1 f6 16. Ng3 fxe5 17. fxe5 Bg5 18. Bg4 Re8 19. Nf3 Bxc1 20. Rxc1 Qe7 21. h4 h6 22. h5 Bh7 23. Qd1 Rf8 24. Qd2 Rf7 25. Kh2 Rcf8 26. Kh3 Rf4 27. Ne2 R4f7 28. Ng3 Kh8 29. Rh1 Kg8 30. Re1 Qe8 31. Ne2 Bf5 32. Bxf5 Rxf5 33. Ng3 Rxf3 34. gxf3 Rxf3 35. Kg2 Qf7 36. Re3 Rf4 37. Qe2 Nf8 38. Rf3 g6 39. Qf2 Rxf3 40. Qxf3 Qxf3+ 41. Kxf3 Kg7 42. Kg4 Nh7 43. hxg6 Kxg6 44. Nh5 Ng5 45. Nf4+ Kf7 46. Kh5 Ne4 47. Ne2 Kg7 48. Kg4 Nf2+ 49. Kh5 Nd3 50. Ng3 Kh7 51. Ne2 Nf2 52. Nf4 Ne4 53. Nxe6 Nxc3 54. Nd8 Nb5 55. e6 Nc7 56. e7 Kg7 57. Ne6+ Kf6 58. Nxc7 Kxe7 59. Kxh6 Kf6 60. Ne8+ Kf5 61. Nd6+ Kf4 62. Nxb7 Ke4 63. Nc5+ Kxd4 64. Nxa6 Kc4 65. Nc5 Kb5 66. Nd3 d4 67. Kg5 Kc4 68. a6 Kxd3 69. a7 Kc2 70. a8Q d3 71. Qxc6+ 1-0

[Event "POR-ch"]
[Site "Viana do Castelo"]
[Date "2023.09.10"]
[Round "9"]
[White "Santos, Antonio Pereira"]
[Black "Sousa, Andre Ventura"]
[Result "0-1"]
[WhiteElo "2219"]
[BlackElo "2430"]
[PlyCount "52"]
[EventDate "2023.09.03"]
[EventType "tourn"]
[EventRounds "9"]
[EventCountry "POR"]
[EventCategory "3"]
[SourceTitle "EXT 2024"]
[Source "ChessBase"]
[SourceDate "2023.10.10"]
[SourceVersion "1"]
[SourceVersionDate "2023.10.10"]
[SourceQuality "1"]

1. d4 Nf6 2. c4 e6 3. Nf3 Bb4+ 4. Bd2 Qe7 5. g3 Nc6 6. Bg2 Bxd2+ 7. Nbxd2 d6 8. 0-0 0-0 9. e4 e5 10. d5 Nb8 11. Ne1 a5 12. Nd3 Na6 13. a3 Bg4 14. f3 Bd7 15. b4 c6 16. dxc6 bxc6 17. Nb3 axb4 18. axb4 Rfb8 19. Qd2 Be6 20. Qc3 Nd7 21. Na5 Rc8 22. f4 f6 23. Ra3 Qd8 24. fxe5 Nxe5 25. Nxe5 dxe5 26. c5 Rab8 0-1

[Event "Leca da Palmeira 2nd"]
[Site "Leca da Palmeira"]
[Date "2023.08.02"]
[Round "4"]
[White "Sousa, Andre Ventura"]
[Black "Chaitanya, V."]
[Result "1-0"]
[WhiteElo "2455"]
[BlackElo "1685"]
[PlyCount "57"]
[EventDate "2023.07.31"]
[EventType "swiss"]
[EventRounds "9"]
[EventCountry "POR"]
[SourceTitle "CBM 215 Extra"]
[Source "ChessBase"]
[SourceDate "2023.09.30"]
[SourceVersion "1"]
[SourceVersionDate "2023.09.30"]
[SourceQuality "1"]

1. Nf3 Nf6 2. d4 g6 3. c4 Bg7 4. Nc3 d6 5. e4 0-0 6. Be2 e5 7. 0-0 Bg4 8. d5 a5 9. Be3 Na6 10. Nd2 Bxe2 11. Qxe2 Nd7 12. a3 f5 13. f3 Bf6 14. Rae1 Bg5 15. exf5 Bxe3+ 16. Qxe3 gxf5 17. f4 e4 18. g4 fxg4 19. Ndxe4 Qh4 20. Ng5 Rf6 21. Qe7 Nac5 22. Nce4 Rh6 23. Re2 Nxe4 24. Qxd7 Nxg5 25. fxg5 Qxg5 26. Re8+ Rxe8 27. Qxe8+ Kg7 28. Qf8+ Kg6 29. Qf7# 1-0

[Event "Pontevedra op 11th"]
[Site "Pontevedra"]
[Date "2023.07.25"]
[Round "2"]
[White "Sousa, Andre Ventura"]
[Black "Deshpande, Aniruddha"]
[Result "0-1"]
[WhiteElo "2455"]
[BlackElo "2281"]
[PlyCount "44"]
[EventDate "2023.07.24"]
[EventType "swiss"]
[EventRounds "9"]
[EventCountry "ESP"]
[SourceTitle "CBM 215 Extra"]
[Source "ChessBase"]
[SourceDate "2023.09.30"]
[SourceVersion "1"]
[SourceVersionDate "2023.09.30"]
[SourceQuality "1"]

1. c4 c5 2. g3 g6 3. Bg2 Bg7 4. Nc3 Nc6 5. d3 d6 6. Nf3 e6 7. e4 Nge7 8. Be3 Nd4 9. 0-0 0-0 10. Rb1 Nec6 11. Qd2 b6 12. a3 Bb7 13. b4 Nxf3+ 14. Bxf3 Qf6 15. Nb5 Qxf3 16. Nxd6 Rab8 17. bxc5 Nd4 18. Bxd4 Bxd4 19. cxb6 axb6 20. Nb5 Bc5 21. Qd1 Qxd1 22. Rfxd1 e5 0-1

[Event "Stafford Wood Green"]
[Site "Stafford"]
[Date "2023.07.17"]
[Round "7"]
[White "Gordon, Frederick"]
[Black "Sousa, Andre Ventura"]
[Result "0-1"]
[WhiteElo "2325"]
[BlackElo "2455"]
[PlyCount "96"]
[EventDate "2023.07.14"]
[EventType "tourn"]
[EventRounds "9"]
[EventCountry "ENG"]
[EventCategory "6"]
[SourceTitle "CBM 215 Extra"]
[Source "ChessBase"]
[SourceDate "2023.09.30"]
[SourceVersion "1"]
[SourceVersionDate "2023.09.30"]
[SourceQuality "1"]

1. c4 e6 2. Nc3 d5 3. d4 Nf6 4. Nf3 a6 5. cxd5 exd5 6. Bf4 Bd6 7. Bxd6 Qxd6 8. e3 Bf5 9. Bd3 Bxd3 10. Qxd3 Nbd7 11. h3 0-0 12. 0-0-0 Rfe8 13. Nd2 b5 14. Kb1 Nb6 15. Rc1 Nfd7 16. e4 c5 17. Nxd5 c4 18. Qf3 Nxd5 19. exd5 Nf6 20. Rhe1 Nxd5 21. Re4 Nf6 22. Rf4 Ra7 23. Nf1 Nd5 24. Rg4 Nf6 25. Rf4 Rae7 26. Ne3 Re4 27. Rxe4 Nxe4 28. Nf5 Qd8 29. Rd1 Qg5 30. Kc2 b4 31. h4 Qd8 32. Re1 b3+ 33. axb3 cxb3+ 34. Kd1 Qa5 35. Nh6+ gxh6 36. Qg4+ Kf8 37. Rxe4 Qa1+ 38. Ke2 Qxb2+ 39. Kf3 Qc3+ 40. Re3 Qc6+ 41. Kf4 Qf6+ 42. Kg3 Rxe3+ 43. fxe3 Qg6 44. Kf3 Qxg4+ 45. Kxg4 b2 46. e4 b1Q 47. Kh5 Qxe4 48. d5 Qg6# 0-1